LIBRARY ONLINE CATALOGUE

An Analysis of the legality of targeted killings under international law / (Record no. 15502)

MARC details
000 -LEADER
fixed length control field 00479nam a22001692 4500
001 - CONTROL NUMBER
control field 0000024660
005 - DATE AND TIME OF LATEST TRANSACTION
control field 20151217161645.0
008 - FIXED-LENGTH DATA ELEMENTS--GENERAL INFORMATION
fixed length control field 140123s xx 000 0 eng d
040 ## - CATALOGING SOURCE
Original cataloging agency KABU
Transcribing agency KABU
100 1# - MAIN ENTRY--PERSONAL NAME
Personal name Olao, Amanda Nerea.
-- 0000185042
245 13 - TITLE STATEMENT
Title An Analysis of the legality of targeted killings under international law /
Statement of responsibility, etc. Amanda Nerea Olao.
250 ## - EDITION STATEMENT
Edition statement 58.
260 ## - PUBLICATION, DISTRIBUTION, ETC. (IMPRINT)
Date of publication, distribution, etc. 2013.
908 ## - PUT COMMAND PARAMETER (RLIN)
Put command parameter 140123
950 ## - LOCAL HOLDINGS (RLIN)
-- 1
Holdings
Withdrawn status Lost status Source of classification or shelving scheme Not for loan Home library Current library Date acquired Total Checkouts Full call number Barcode Date last seen Date last checked out Price effective from Koha item type
    Library of Congress Classification   Kabarak, Main Campus Kabarak, Main Campus 17/12/2015 4 Law PRO11 15/11/2017 15/11/2017 17/12/2015 Thesis, Dissertation and Projecs